[Event "54th Groningen Open 2016"]
[Site "Groningen NED"]
[Date "2016.12.28"]
[Round "7.31"]
[White "Boersma, Jan"]
[Black "Theulings, Paul-Peter"]
[Result "1-0"]
[BlackTitle "CM"]
[WhiteElo "2088"]
[BlackElo "2097"]
[WhiteFideId "1003267"]
[BlackFideId "1002899"]
[EventDate "2016.12.21"]

1. e4 Nf6 2. Nc3 e5 3. Nf3 Nc6 4. Bb5 Nd4 5. O-O Nxb5 6. Nxb5 c6 7. Nc3 d6 8. d4
Qc7 9. a4 Be7 10. Bg5 Bg4 11. Bxf6 Bxf6 12. d5 Rc8 13. h3 Bh5 14. a5 a6 15. dxc6
bxc6 16. Qd3 O-O 17. Nd2 Bg6 18. Qxa6 Ra8 19. Qc4 Rfb8 20. Nd5 Qb7 21. a6 Qc8
22. a7 Rb7 23. Ra6 Rbxa7 24. Rxc6 Qd8 25. b4 Bg5 26. Nb3 Kh8 27. Rd1 Rb8 28. b5
f5 29. b6 Rd7 30. f3 fxe4 31. fxe4 Bf7 32. Kh1 Bf4 33. Qc3 Bxd5 34. Rxd5 Qf8 35.
Qf3 Rf7 36. Rd1 Bg5 37. Qd3 Rd8 38. c4 h6 39. Nd2 Bxd2 40. Qxd2 Rf1+ 41. Rxf1
Qxf1+ 42. Kh2 Rf8 43. b7 Kh7 44. Rxd6 Rf2 45. Qxf2 Qxf2 46. b8=Q Qf4+ 47. Kg1
Qc1+ 48. Kf2 Qf4+ 49. Ke2 Qxe4+ 50. Kd1 1-0

[Event "54th Groningen Open 2016"]
[Site "Groningen NED"]
[Date "2016.12.29"]
[Round "8.1"]
[White "Tiviakov, Sergei"]
[Black "Gleizerov, Evgeny"]
[Result "1/2-1/2"]
[WhiteTitle "GM"]
[BlackTitle "GM"]
[WhiteElo "2609"]
[BlackElo "2518"]
[WhiteFideId "1008013"]
[BlackFideId "4101332"]
[EventDate "2016.12.21"]

1. e4 e6 2. d4 d5 3. Nd2 Nf6 4. e5 Nfd7 5. c3 c5 6. Bd3 Nc6 7. Ne2 cxd4 8. cxd4
f6 9. exf6 Nxf6 10. O-O Bd6 11. Nf3 O-O 12. Bg5 Qb6 13. Nc3 Qxb2 14. Nb5 Ne4 15.
a3 a6 16. Rb1 Qa2 17. Nxd6 Nxd6 18. Bc1 Ne4 19. Bb2 Bd7 20. Nd2 Nxd2 21. Qxd2
Qb3 22. Bc1 Qa4 23. Rxb7 Ra7 24. Rb6 Nd8 25. Bb2 Bb5 26. Bc2 Qc4 27. Rc1 Qe2 28.
Qxe2 Bxe2 29. Re1 Bc4 30. Bc3 a5 31. Ba4 Kf7 32. f3 Ke7 33. Reb1 Nf7 34. Be1 Kf6
35. Bg3 Rfa8 36. Bc6 Rc8 37. Ba4 Bd3 38. Re1 Bf5 39. Bf2 Nd8 40. g4 Bd3 41. Bg3
Ra6 42. Rb8 Rxb8 43. Bxb8 Nf7 44. Kf2 Rb6 45. Ba7 Rb2+ 46. Kg3 Bb5 47. Bd1 Rb1
48. Kf2 Nd6 49. Bc5 Nc4 50. a4 Bd7 51. Bc2 Rb2 52. Re2 Ra2 53. Bb3 Ra1 54. Re1
Rxe1 55. Kxe1 Nb2 56. Bb6 Bxa4 57. Ba2 Bd1 58. Bxa5 Bxf3 59. h3 Bg2 60. h4 Bf3
61. Bd8+ Kf7 62. g5 Kg6 63. Kf2 Be4 64. Bb3 Kf5 65. Kg3 Bd3 66. Kf3 Be4+ 67. Kg3
e5 68. Bb6 Ke6 69. Ba7 Bf5 70. dxe5 g6 71. Kf4 Nd3+ 72. Ke3 Nxe5 73. Bd4 Be4 74.
Kf4 Nd3+ 75. Ke3 Ne1 76. Kf4 Nd3+ 77. Ke3 Nb4 78. Ba4 Na6 79. Kf4 Bf5 80. Bb5
Nb4 81. Bc5 Nc2 82. Ba4 Ne1 83. Bd4 Be4 84. Bd1 Nd3+ 85. Kg3 Kd6 86. Be2 Nc5 87.
Kf4 Ne6+ 88. Ke3 Bb1 89. Bg4 Nd8 90. Kf4 Nc6 91. Ke3 Bf5 92. Bd1 Ne5 93. Be2 1/2-1/2

[Event "54th Groningen Open 2016"]
[Site "Groningen NED"]
[Date "2016.12.29"]
[Round "8.2"]
[White "Chigaev, Maksim"]
[Black "Bai, Jinshi"]
[Result "0-1"]
[WhiteTitle "GM"]
[BlackTitle "GM"]
[WhiteElo "2531"]
[BlackElo "2544"]
[WhiteFideId "4108116"]
[BlackFideId "8602280"]
[EventDate "2016.12.21"]

1. d4 Nf6 2. Nf3 d5 3. c3 c5 4. Bf4 cxd4 5. cxd4 Qb6 6. Qb3 Qxb3 7. axb3 Nc6 8.
Nc3 e6 9. e3 Bb4 10. Bd3 Bd7 11. Ke2 Ke7 12. h3 Rhc8 13. g4 h6 14. Na2 g5 15.
Bh2 Bd6 16. Bxd6+ Kxd6 17. Nc3 Ke7 18. Ne5 Be8 19. Nxc6+ Bxc6 20. Kd2 a6 21.
Rhg1 Rg8 22. b4 Rac8 23. f3 Ne8 24. e4 Nc7 25. Ke3 Rcd8 26. e5 f6 27. exf6+ Kxf6
28. f4 Ke7 29. Ne2 Bb5 30. Rae1 Kd6 31. Bxb5 Nxb5 32. Kd3 Rc8 33. fxg5 hxg5 34.
Nc3 Rc4 35. Nxb5+ axb5 36. b3 Rc7 37. Re5 Rgc8 38. Rge1 Rc3+ 39. Kd2 Rc2+ 40.
Kd1 Rc1+ 41. Ke2 Rxe1+ 42. Kxe1 Rc3 43. Rxg5 Rxh3 44. Rg8 Rd3 45. Rd8+ Kc7 46.
Re8 Kd7 47. Rb8 Rxd4 48. g5 Rg4 49. Rxb7+ Kc6 50. Ra7 Kd6 51. Kd2 Rxg5 52. Ra6+
Ke5 53. Rb6 Rg2+ 54. Kd3 Rg3+ 55. Kc2 d4 56. Rxb5+ Ke4 57. Rc5 d3+ 58. Kc1 Rg1+
59. Kd2 Rg2+ 60. Kc1 Kd4 61. Rc6 e5 62. b5 Ke3 63. b6 d2+ 64. Kc2 Rg1 0-1

[Event "54th Groningen Open 2016"]
[Site "Groningen NED"]
[Date "2016.12.29"]
[Round "8.3"]
[White "Ernst, Sipke"]
[Black "Liu, Guanchu"]
[Result "1-0"]
[WhiteTitle "GM"]
[BlackTitle "IM"]
[WhiteElo "2554"]
[BlackElo "2418"]
[WhiteFideId "1004689"]
[BlackFideId "8603901"]
[EventDate "2016.12.21"]

1. Nf3 f5 2. d3 Nc6 3. e4 e5 4. d4 exd4 5. Nxd4 Qe7 6. Nxf5 Qxe4+ 7. Ne3 Ne5 8.
Be2 Nf6 9. O-O Bc5 10. Nc3 Qc6 11. f4 Nc4 12. Bxc4 Bxe3+ 13. Bxe3 Qxc4 14. Bd4
O-O 15. Bxf6 gxf6 16. Re1 d6 17. Nd5 Bd7 18. Re7 Rad8 19. Qe1 Qxc2 20. Rc1 Qg6
21. Rxc7 Bc8 22. Qg3 1-0

[Event "54th Groningen Open 2016"]
[Site "Groningen NED"]
[Date "2016.12.29"]
[Round "8.4"]
[White "Schoppen, Casper"]
[Black "Ten Hertog, Hugo"]
[Result "1-0"]
[BlackTitle "IM"]
[WhiteElo "2337"]
[BlackElo "2453"]
[WhiteFideId "1046730"]
[BlackFideId "1026356"]
[EventDate "2016.12.21"]

1. Nf3 d6 2. d4 Nf6 3. g3 g6 4. Bg2 Bg7 5. O-O O-O 6. a4 Nc6 7. a5 Bd7 8. Nc3 b6
9. a6 Rb8 10. e4 Nb4 11. Qe2 Ne8 12. Nd5 Nxd5 13. exd5 Nf6 14. Ne1 Re8 15. Nd3
e6 16. dxe6 Bxe6 17. Qd1 c5 18. Re1 Qd7 19. dxc5 bxc5 20. Nf4 Bg4 21. Rxe8+ Rxe8
22. Bf3 Qf5 23. Bxg4 Nxg4 24. h3 Ne5 25. Ra3 g5 26. g4 Qe4 27. Nh5 Nc4 28. Rd3
Nxb2 29. Bxb2 Bxb2 30. Re3 Qc6 31. Qd5 Qc8 32. Qxg5+ Kf8 33. Qh6+ Kg8 34. c3 1-0

[Event "54th Groningen Open 2016"]
[Site "Groningen NED"]
[Date "2016.12.29"]
[Round "8.5"]
[White "Krasenkow, Michal"]
[Black "Deepan, Chakkravarthy J."]
[Result "1-0"]
[WhiteTitle "GM"]
[BlackTitle "GM"]
[WhiteElo "2626"]
[BlackElo "2471"]
[WhiteFideId "1113100"]
[BlackFideId "5011132"]
[EventDate "2016.12.21"]

1. d4 d5 2. c4 c6 3. Nc3 Nf6 4. e3 e6 5. Nf3 a6 6. c5 Nbd7 7. b4 g6 8. Bb2 Bg7
9. Bd3 O-O 10. Na4 a5 11. b5 e5 12. bxc6 bxc6 13. Nxe5 Nxe5 14. dxe5 Ng4 15. Be2
Nxe5 16. O-O Rb8 17. Bd4 Bf5 18. g4 Nxg4 19. Bxg4 Qg5 20. h3 Bxd4 21. exd4 Rb4
22. Nc3 Re8 23. Qc1 Qf6 24. Bxf5 Qxf5 25. Qh6 Rxd4 26. Rae1 Rf8 27. Ne2 Rc4 28.
Ng3 Qf4 29. Qxf4 Rxf4 30. Rb1 Re8 31. Rfc1 h5 32. Rc2 Kg7 33. Kg2 Ra4 34. Rb6
Re6 35. Ra6 h4 36. Ne2 Rae4 37. Ng1 a4 38. Nf3 Rf6 39. Rd2 g5 40. Nd4 g4 41.
hxg4 Rxg4+ 42. Kh3 Re4 43. f3 Ref4 44. Rg2+ Kh7 45. Rg4 1-0

[Event "54th Groningen Open 2016"]
[Site "Groningen NED"]
[Date "2016.12.29"]
[Round "8.6"]
[White "Anwesh, Upadhyaya"]
[Black "Werle, Jan"]
[Result "1/2-1/2"]
[WhiteTitle "IM"]
[BlackTitle "GM"]
[WhiteElo "2386"]
[BlackElo "2560"]
[WhiteFideId "5028949"]
[BlackFideId "1006088"]
[EventDate "2016.12.21"]

1. c4 f5 2. g3 Nf6 3. Nc3 e6 4. Bg2 d5 5. cxd5 exd5 6. e3 c6 7. Nge2 Bd6 8. b3
O-O 9. Bb2 Na6 10. O-O Nc7 11. Qc2 Qe7 12. Nd4 Ne4 13. d3 Ng5 14. Rae1 Nge6 15.
Nce2 Bb4 16. Bc3 a5 17. Qb2 Bd7 18. Nc2 Bd6 19. Be5 Nc5 20. Bxd6 Qxd6 21. Rd1 a4
22. b4 N5e6 23. a3 Be8 24. Ned4 Bh5 25. Rd2 Rae8 26. Nxe6 Nxe6 27. Nd4 g5 28. f4
gxf4 29. exf4 Nxd4 30. Qxd4 Qf6 31. Qxf6 Rxf6 32. Rc1 Rfe6 33. Bf1 Re1 34. Rdc2
Bd1 35. Rb2 Bb3 36. Rbb1 R1e3 37. Kf2 d4 38. Re1 Kf7 39. Rxe3 Rxe3 40. Re1 Rxe1
41. Kxe1 Ke7 42. Kd2 Kd6 43. Be2 b6 44. h3 Be6 45. g4 c5 46. bxc5+ Kxc5 1/2-1/2

[Event "54th Groningen Open 2016"]
[Site "Groningen NED"]
[Date "2016.12.29"]
[Round "8.7"]
[White "Aradhya, Garg"]
[Black "Gao, Rui"]
[Result "0-1"]
[BlackTitle "GM"]
[WhiteElo "2231"]
[BlackElo "2551"]
[WhiteFideId "25006746"]
[BlackFideId "8602387"]
[EventDate "2016.12.21"]

1. d4 d5 2. c4 c6 3. Nf3 Nf6 4. e3 e6 5. Nc3 Nbd7 6. Qc2 Bd6 7. Bd3 O-O 8. O-O
dxc4 9. Bxc4 b5 10. Be2 Bb7 11. e4 e5 12. dxe5 Nxe5 13. Nd4 Neg4 14. g3 Bc5 15.
Nf5 Re8 16. Bf4 Qb6 17. Kg2 g6 18. h3 gxf5 19. hxg4 Bd4 20. gxf5 Bxc3 21. bxc3
c5 22. f3 Nxe4 23. Rfe1 Nf6 24. c4 Nh5 25. Bd3 Nxf4+ 26. gxf4 Qh6 27. cxb5 Qg7+
28. Kf1 Bxf3 29. Qf2 Bg4 30. Qg2 h5 31. Re5 f6 32. Re6 Rad8 33. Bc4 Rxe6 34.
fxe6 Qe7 35. Re1 Kh8 36. Bd5 c4 37. Qe4 c3 38. Rc1 Bh3+ 39. Ke1 Qc5 40. Ke2 Bg4+
41. Kf1 Bh3+ 42. Ke1 Bg4 0-1

[Event "54th Groningen Open 2016"]
[Site "Groningen NED"]
[Date "2016.12.29"]
[Round "8.8"]
[White "Karthikeyan, P."]
[Black "Zwirs, Nico"]
[Result "1-0"]
[WhiteTitle "IM"]
[WhiteElo "2474"]
[BlackElo "2388"]
[WhiteFideId "5018226"]
[BlackFideId "1036432"]
[EventDate "2016.12.21"]

1. Nf3 Nf6 2. c4 g6 3. g3 Bg7 4. Bg2 O-O 5. O-O d5 6. d4 dxc4 7. Na3 c5 8. Nxc4
Na6 9. dxc5 Nxc5 10. Be3 Nfe4 11. Rc1 Be6 12. Nd4 Bd5 13. b4 Na6 14. a3 Rc8 15.
Qd3 Nf6 16. Nb5 Bxg2 17. Kxg2 Qd5+ 18. Qxd5 Nxd5 19. Bxa7 Nac7 20. Nb6 Nxb6 21.
Nxc7 Na4 22. Nd5 Ra8 23. Nxe7+ Kh8 24. Bc5 Rfd8 25. e4 Bf8 26. Nd5 Nxc5 27. bxc5
Rxa3 28. Rc4 f5 29. Rb1 fxe4 30. Rxb7 Rxd5 31. c6 Ra8 32. c7 Bd6 33. c8=Q+ Rxc8
34. Rb8 1-0

[Event "54th Groningen Open 2016"]
[Site "Groningen NED"]
[Date "2016.12.29"]
[Round "8.9"]
[White "Van Foreest, Lucas"]
[Black "Ypma, Peter"]
[Result "1-0"]
[WhiteElo "2395"]
[BlackElo "2260"]
[WhiteFideId "1039792"]
[BlackFideId "1027255"]
[EventDate "2016.12.21"]

1. e4 b6 2. d4 Bb7 3. Bd3 e6 4. Nf3 Nf6 5. Nbd2 c5 6. c3 Nc6 7. O-O cxd4 8. cxd4
Nb4 9. Bb1 Ba6 10. Re1 Qc7 11. Nf1 Bxf1 12. Rxf1 Rc8 13. a3 Nc6 14. Bg5 Be7 15.
Bd3 O-O 16. Rc1 Qb8 17. Qe2 e5 18. Rxc6 dxc6 19. dxe5 Bxa3 20. exf6 Bd6 21. e5
Rfe8 22. Qe4 g6 23. Qh4 Bf8 24. Bh6 Bc5 25. Bf4 1-0

[Event "54th Groningen Open 2016"]
[Site "Groningen NED"]
[Date "2016.12.29"]
[Round "8.10"]
[White "Colijn, Stefan"]
[Black "Ulybin, Mikhail"]
[Result "0-1"]
[WhiteTitle "FM"]
[BlackTitle "GM"]
[WhiteElo "2330"]
[BlackElo "2483"]
[WhiteFideId "1016199"]
[BlackFideId "4101405"]
[EventDate "2016.12.21"]

1. d4 e6 2. Bf4 c5 3. e3 Qb6 4. Nc3 Nf6 5. a3 cxd4 6. exd4 Be7 7. Nf3 O-O 8. Bd3
d6 9. O-O Bd7 10. Bg5 Bc6 11. Re1 Nbd7 12. d5 Bxd5 13. Nxd5 Nxd5 14. Bxe7 Nxe7
15. Re4 Qxb2 16. Ng5 Nf6 17. Rb1 Qxa3 18. Re3 Qa5 19. Rb5 Qa4 20. Rxb7 Ned5 21.
Rg3 Rab8 22. Rxb8 Rxb8 23. h4 h6 24. Nf3 Nc3 0-1

[Event "54th Groningen Open 2016"]
[Site "Groningen NED"]
[Date "2016.12.30"]
[Round "9.1"]
[White "Schoppen, Casper"]
[Black "Tiviakov, Sergei"]
[Result "1/2-1/2"]
[BlackTitle "GM"]
[WhiteElo "2337"]
[BlackElo "2609"]
[WhiteFideId "1046730"]
[BlackFideId "1008013"]
[EventDate "2016.12.21"]

1. d4 Nf6 2. Nf3 e6 3. Bf4 b6 4. e3 Bb7 5. Nbd2 g6 6. Be2 Bg7 7. O-O O-O 8. h3
d6 9. Bh2 Nbd7 10. a4 a5 11. c3 Qe7 12. Nc4 Ne4 13. Nfd2 Nxd2 14. Nxd2 e5 15.
Bf3 d5 16. Re1 f5 17. c4 e4 18. Be2 c5 19. Nb3 cxd4 20. Nxd4 Nc5 21. Nb5 Be5 22.
Bxe5 Qxe5 23. cxd5 Bxd5 24. Qd4 Qxd4 25. Nxd4 Nb3 26. Nxb3 Bxb3 27. Ra3 Be6 28.
Rc3 Rac8 29. Rec1 Rxc3 30. Rxc3 Rc8 31. Rxc8+ Bxc8 32. Bc4+ Kg7 33. h4 Kf6 34.
Kf1 Ke5 35. Ke2 h6 36. g3 Bd7 37. b3 Be6 38. Bxe6 Kxe6 39. Kd2 Kd5 40. Kc2 Kc5
41. Kc3 b5 42. axb5 Kxb5 43. Kc2 Kb4 44. Kb2 g5 45. h5 Kc5 46. Kc3 Kb5 47. Kc2
Kb4 48. Kb2 1/2-1/2

[Event "54th Groningen Open 2016"]
[Site "Groningen NED"]
[Date "2016.12.30"]
[Round "9.2"]
[White "Bai, Jinshi"]
[Black "Ernst, Sipke"]
[Result "1/2-1/2"]
[WhiteTitle "GM"]
[BlackTitle "GM"]
[WhiteElo "2544"]
[BlackElo "2554"]
[WhiteFideId "8602280"]
[BlackFideId "1004689"]
[EventDate "2016.12.21"]

1. d4 Nf6 2. c4 e6 3. g3 c5 4. Nf3 cxd4 5. Nxd4 Bb4+ 6. Bd2 Bc5 7. Nb3 Be7 8.
Bg2 Nc6 9. Nc3 b6 10. Bf4 Bb7 11. O-O O-O 12. e4 d6 13. Qe2 Qb8 14. Rfd1 Ne5 15.
Nd4 Rc8 16. b3 a6 17. a4 1/2-1/2

[Event "54th Groningen Open 2016"]
[Site "Groningen NED"]
[Date "2016.12.30"]
[Round "9.3"]
[White "Gleizerov, Evgeny"]
[Black "Krasenkow, Michal"]
[Result "0-1"]
[WhiteTitle "GM"]
[BlackTitle "GM"]
[WhiteElo "2518"]
[BlackElo "2626"]
[WhiteFideId "4101332"]
[BlackFideId "1113100"]
[EventDate "2016.12.21"]

1. d4 d5 2. c4 e6 3. Nf3 c6 4. Nbd2 f5 5. g3 Nd7 6. Bg2 Bd6 7. Qc2 Qf6 8. Nb3
Ne7 9. Bf4 Bxf4 10. gxf4 b6 11. cxd5 exd5 12. Nc1 O-O 13. Nd3 Bb7 14. Nde5 Nxe5
15. Nxe5 Ng6 16. Nxg6 Qxg6 17. Bf3 Rac8 18. O-O-O c5 19. Kb1 c4 20. Rhg1 Qd6 21.
e3 Rc7 22. Rg5 Bc8 23. Qc3 a5 24. h4 Be6 25. h5 Ra8 26. Bg2 b5 27. Bh3 b4 28.
Qc2 c3 29. Bxf5 Bxf5 30. Rxf5 a4 31. Rc1 b3 32. Qd3 c2+ 33. Ka1 Rb8 34. Re5 Qa3
35. Re8+ Kf7 0-1

[Event "54th Groningen Open 2016"]
[Site "Groningen NED"]
[Date "2016.12.30"]
[Round "9.4"]
[White "Gao, Rui"]
[Black "Chigaev, Maksim"]
[Result "0-1"]
[WhiteTitle "GM"]
[BlackTitle "GM"]
[WhiteElo "2551"]
[BlackElo "2531"]
[WhiteFideId "8602387"]
[BlackFideId "4108116"]
[EventDate "2016.12.21"]

1. e4 c5 2. Nf3 Nc6 3. Nc3 g6 4. d4 cxd4 5. Nxd4 Bg7 6. Be3 Nf6 7. Bc4 O-O 8.
Bb3 d5 9. exd5 Na5 10. Nde2 Nxb3 11. axb3 b6 12. Qd2 Bb7 13. O-O-O b5 14. Nxb5
Nxd5 15. Bd4 Bxd4 16. Qxd4 e5 17. Qd2 Qb6 18. Na3 Qxf2 19. Nc4 Rad8 20. Ng3
Qxd2+ 21. Rxd2 Nf4 22. Nxe5 Rxd2 23. Kxd2 Rd8+ 24. Kc3 Nxg2 25. Ra1 a6 26. Nd3
Rc8+ 27. Kd2 Nh4 28. c4 Nf3+ 29. Kc3 Nxh2 30. b4 h5 31. Nc5 Bf3 32. Nge4 Ng4 33.
Ng5 Bg2 34. Rg1 Ne3 35. Kd3 Re8 36. Nge4 Kg7 37. Kxe3 Bxe4 38. Nxe4 f5 39. c5
Rxe4+ 40. Kd3 h4 41. c6 h3 42. Rh1 Re6 43. Rc1 h2 44. c7 Re8 45. Kd4 Rc8 46. Kd5
g5 0-1

[Event "54th Groningen Open 2016"]
[Site "Groningen NED"]
[Date "2016.12.30"]
[Round "9.5"]
[White "Ulybin, Mikhail"]
[Black "Karthikeyan, P."]
[Result "1-0"]
[WhiteTitle "GM"]
[BlackTitle "IM"]
[WhiteElo "2483"]
[BlackElo "2474"]
[WhiteFideId "4101405"]
[BlackFideId "5018226"]
[EventDate "2016.12.21"]

1. e4 e5 2. Nf3 Nc6 3. Bb5 a6 4. Ba4 Nf6 5. O-O Be7 6. Re1 b5 7. Bb3 d6 8. a4 b4
9. d4 Bg4 10. dxe5 Nxe5 11. Nbd2 O-O 12. h3 Nxf3+ 13. Nxf3 Bh5 14. e5 Nd7 15.
exd6 Bxd6 16. g4 Bg6 17. Bg5 Qc8 18. Nh4 Kh8 19. Be7 Bxe7 20. Rxe7 Nf6 21. Qd4
c5 22. Qe5 c4 23. Rc7 Nxg4 24. Nxg6+ hxg6 25. Qg3 Qd8 26. Rxc4 Nh6 27. Rxb4 Nf5
28. Qe5 Re8 29. Qd5 Qg5+ 30. Rg4 Qh5 31. Qxf7 Qxh3 32. Qxg6 Re5 33. Rg5 Qh6 34.
Rh5 1-0

[Event "54th Groningen Open 2016"]
[Site "Groningen NED"]
[Date "2016.12.30"]
[Round "9.6"]
[White "Werle, Jan"]
[Black "Van Foreest, Lucas"]
[Result "1/2-1/2"]
[WhiteTitle "GM"]
[WhiteElo "2560"]
[BlackElo "2395"]
[WhiteFideId "1006088"]
[BlackFideId "1039792"]
[EventDate "2016.12.21"]

1. d4 Nf6 2. c4 e6 3. Nc3 Bb4 4. e3 b6 5. Ne2 c5 6. a3 Ba5 7. Rb1 Qe7 8. Bd2 O-O
9. b4 cxb4 10. axb4 Bxb4 11. Rxb4 Qxb4 12. Nd5 Qa3 13. Bb4 Qb2 14. Bc3 Qa3 15.
Bb4 Qb2 16. Bc3 1/2-1/2

[Event "54th Groningen Open 2016"]
[Site "Groningen NED"]
[Date "2016.12.30"]
[Round "9.7"]
[White "Ten Hertog, Hugo"]
[Black "Anwesh, Upadhyaya"]
[Result "1-0"]
[WhiteTitle "IM"]
[BlackTitle "IM"]
[WhiteElo "2453"]
[BlackElo "2386"]
[WhiteFideId "1026356"]
[BlackFideId "5028949"]
[EventDate "2016.12.21"]

1. g3 d5 2. Bg2 e5 3. d3 Nf6 4. Nf3 Nc6 5. a3 a5 6. O-O Bc5 7. Nc3 Ba7 8. Bg5
Be6 9. e4 dxe4 10. Nxe4 h6 11. Bh4 Bf5 12. Nxf6+ gxf6 13. Nd2 Nd4 14. c3 Ne6 15.
Bxb7 Rb8 16. Be4 Bh3 17. Nc4 Bxf1 18. Nxe5 Ng5 19. Nc6 Qd6 20. Nxb8 Bh3 21. Bxg5
hxg5 22. Nc6 Bb6 23. d4 Bd7 24. Qf3 Kf8 25. b4 axb4 26. axb4 Kg7 27. Na5 Qe6 28.
Bd5 Qh3 29. Qg2 Qh5 30. Nc4 Bh3 31. Qh1 Re8 32. Ne3 f5 33. Qf3 Bg4 34. Nxg4 fxg4
35. Qf5 Rh8 36. Qe5+ 1-0

[Event "54th Groningen Open 2016"]
[Site "Groningen NED"]
[Date "2016.12.30"]
[Round "9.8"]
[White "Liu, Guanchu"]
[Black "Bao, Qilin"]
[Result "1-0"]
[WhiteTitle "IM"]
[WhiteElo "2418"]
[BlackElo "2331"]
[WhiteFideId "8603901"]
[BlackFideId "8605750"]
[EventDate "2016.12.21"]

1. e4 c5 2. Nf3 d6 3. d4 cxd4 4. Nxd4 Nf6 5. Nc3 a6 6. Be3 Ng4 7. Bc1 Nf6 8. f4
Qc7 9. Be3 g6 10. Be2 Bg7 11. g4 Nc6 12. g5 Nd7 13. Qd2 Nb6 14. Nxc6 Qxc6 15.
Bd4 e5 16. fxe5 Bxe5 17. O-O-O Be6 18. Nd5 Bxd5 19. exd5 Qc7 20. Bxe5 dxe5 21.
d6 Qc6 22. Qe3 O-O 23. Bf3 Qb5 24. Qb3 Qc5 25. Bxb7 Rad8 26. Rhf1 Nc4 27. Rd5
Qe3+ 28. Qxe3 Nxe3 29. Rf6 Rd7 30. Rd3 Ng4 31. Bc6 Nxf6 32. gxf6 Ra7 33. Rd5 h5
34. c4 Rc8 35. d7 Rd8 36. c5 Rc7 37. Ba4 e4 38. Kd2 Kh7 39. Ke3 h4 40. Kxe4 Kh6
41. Ke5 g5 42. c6 g4 43. Kd6 1-0

[Event "54th Groningen Open 2016"]
[Site "Groningen NED"]
[Date "2016.12.30"]
[Round "9.9"]
[White "Warmerdam, Max"]
[Black "Zwirs, Nico"]
[Result "1/2-1/2"]
[WhiteTitle "FM"]
[WhiteElo "2347"]
[BlackElo "2388"]
[WhiteFideId "1048104"]
[BlackFideId "1036432"]
[EventDate "2016.12.21"]

1. e4 e6 2. d4 d5 3. Nc3 Nf6 4. Bg5 dxe4 5. Nxe4 Nbd7 6. Nf3 Be7 7. Nxf6+ Nxf6
8. Bd3 O-O 9. Qe2 c5 10. dxc5 Qa5+ 11. c3 Qxc5 12. O-O h6 13. Be3 Qh5 14. Bd4
Rd8 15. Rfe1 b6 16. Qc2 Bd6 17. Bxf6 gxf6 18. Be4 Rb8 19. Rad1 Qc5 20. Nd4 Bd7
21. Bf3 Rbc8 22. g3 Bf8 23. Rd2 Qc4 24. a3 e5 25. Be2 Qa4 26. Qxa4 Bxa4 27. Nf3
Rxd2 28. Nxd2 Rd8 29. Nc4 Bb3 30. Rb1 Bc5 31. Kf1 Ba2 32. Re1 Bb3 33. Rb1 Ba2
34. Re1 Bb3 35. Rb1 Ba2 36. Re1 Bb3 37. Rb1 Ba2 1/2-1/2

[Event "54th Groningen Open 2016"]
[Site "Groningen NED"]
[Date "2016.12.30"]
[Round "9.10"]
[White "Deepan, Chakkravarthy J."]
[Black "Chu, Ruotong"]
[Result "1-0"]
[WhiteTitle "GM"]
[WhiteElo "2471"]
[BlackElo "2106"]
[WhiteFideId "5011132"]
[BlackFideId "8605653"]
[EventDate "2016.12.21"]

1. Nf3 Nf6 2. g3 g6 3. Bg2 Bg7 4. O-O O-O 5. c4 c6 6. d4 d5 7. Qb3 Qb6 8. Nc3
Bf5 9. Qxb6 axb6 10. cxd5 Nxd5 11. Bd2 Nxc3 12. Bxc3 Be4 13. Rfd1 Na6 14. Ne5
Bxg2 15. Kxg2 Bxe5 16. dxe5 Rfd8 17. a3 Nc5 18. Bb4 Kf8 19. Rac1 Na6 20. Bd2 Nc5
21. Be3 Ke8 22. g4 Na4 23. Rxd8+ Kxd8 24. Rc2 Kc7 25. Kg3 b5 26. Kh4 Rh8 27. h3
Nb6 28. Bxb6+ Kxb6 29. Rd2 Kc7 30. Rd3 h6 31. Rf3 Rf8 32. e6 f6 33. Rd3 Rd8 34.
Rxd8 Kxd8 35. f4 Ke8 36. f5 gxf5 37. Kh5 fxg4 38. hxg4 Kd8 39. Kxh6 Kc7 40. Kg6
Kd6 41. Kf7 c5 42. e3 c4 43. e4 b6 44. e5+ fxe5 45. g5 e4 46. g6 e3 47. g7 e2
48. g8=Q e1=Q 49. Qd8+ Ke5 50. Qxb6 Qh4 51. Qxb5+ Kd6 52. Qb6+ Kd5 53. Ke8 c3
54. bxc3 Qc4 55. Qd4+ Qxd4 56. cxd4 Kxe6 57. a4 Kd5 1-0

[Event "54th Groningen Open 2016"]
[Site "Groningen NED"]
[Date "2016.12.30"]
[Round "9.11"]
[White "Ypma, Peter"]
[Black "Gedajlovic, Max"]
[Result "1-0"]
[BlackTitle "FM"]
[WhiteElo "2260"]
[BlackElo "2338"]
[WhiteFideId "1027255"]
[BlackFideId "2616840"]
[EventDate "2016.12.21"]

1. b3 e5 2. Bb2 Nc6 3. e3 Nf6 4. Bb5 Bd6 5. Na3 Be7 6. Nc4 d6 7. Bxc6+ bxc6 8.
d3 Be6 9. e4 Bxc4 10. bxc4 Rb8 11. Bc3 Qd7 12. Ne2 O-O 13. O-O d5 14. cxd5 cxd5
15. Bxe5 dxe4 16. dxe4 Qe6 17. Bxc7 Rbc8 18. Nd4 Qd7 19. Be5 Rc5 20. Bxf6 Bxf6
21. Nb3 Qxd1 22. Raxd1 Rxc2 23. Rd2 Rxd2 24. Nxd2 Rc8 25. Nb3 Kf8 26. Rc1 Rxc1+
27. Nxc1 Ke7 28. Nb3 Bc3 29. Kf1 Ke6 30. Ke2 Be5 31. Ke3 Bc7 32. Nd4+ Kd7 33. f4
f6 34. h4 a6 35. h5 Bd6 36. Nf5 Bc5+ 37. Kf3 g6 38. Ne3 gxh5 39. Nf5 Kc6 40. Ng7
Be7 41. Nxh5 Kd6 42. Kg4 Ke6 43. Ng7+ Kf7 44. Nf5 Bc5 45. Kf3 Ke6 46. Ne3 Bd6
47. g3 Bc7 48. Nc4 Bb8 49. Nb2 Bc7 50. Nd3 Bd6 51. Kg4 Bf8 52. Kh5 Kf7 53. g4
Ke6 54. f5+ Kf7 55. e5 fxe5 56. Nxe5+ Ke7 57. g5 Kd6 58. Ng4 Bg7 59. f6 Bf8 60.
g6 hxg6+ 61. Kxg6 Ke6 62. f7 Bc5 63. Ne3 Ke5 64. Nc4+ Kd5 65. Na5 Be7 66. Kf5
Kc5 67. Ke6 Bf8 68. Kd7 Kd5 69. Nc6 Ke4 70. a4 Bh6 71. Nb8 a5 72. Nc6 Kd5 73.
Nxa5 Kc5 74. Nc6 Kb6 75. Ne7 Bf8 76. Ke8 1-0

[Event "54th Groningen Open 2016"]
[Site "Groningen NED"]
[Date "2016.12.30"]
[Round "9.12"]
[White "De Jong, Migchiel"]
[Black "Maatman, Nick"]
[Result "0-1"]
[WhiteTitle "IM"]
[BlackTitle "FM"]
[WhiteElo "2331"]
[BlackElo "2319"]
[WhiteFideId "1002848"]
[BlackFideId "1040391"]
[EventDate "2016.12.21"]

1. e4 c6 2. d4 d5 3. e5 Bf5 4. h4 h5 5. Bd3 Bxd3 6. Qxd3 e6 7. Nf3 Qb6 8. O-O
Qa6 9. Qd1 Nd7 10. b3 Ne7 11. Nc3 Nf5 12. Ne2 Be7 13. Ng3 Nxh4 14. Nxh4 Bxh4 15.
Nxh5 g6 16. Nf4 O-O-O 17. g3 Be7 18. Kg2 Kb8 19. Be3 c5 20. c3 g5 21. Nd3 cxd4
22. cxd4 f5 23. exf6 Bxf6 24. Qd2 Rc8 25. Rac1 Qd6 26. b4 Nb6 27. Bxg5 Bxd4 28.
Nc5 e5 29. Rh1 Ka8 30. Qe2 Nc4 31. Qg4 Bxc5 32. Rh6 Qf8 33. bxc5 Rxh6 34. Bxh6
Qxc5 35. Qf5 Qc6 36. g4 Rg8 37. Rh1 d4+ 38. f3 Nd6 39. Qe6 Re8 40. Qg6 e4 41.
Rc1 exf3+ 42. Kh3 f2 43. Qf6 Nf5 44. Qxf5 Qxh6+ 45. Qh5 Qe3+ 46. Kg2 Qe4+ 47.
Kh2 Qe1 0-1